Statistics for Top 10 Countries with the Highest Salaries in the World

Click here to take the quiz!

General Stats

  • This quiz has been taken 291 times
  • The average score is 9 of 10

Answer Stats

$/yearCountry% Correct
141,355United States
99%
634,252Germany
91%
829,365Canada
90%
929,185Sweden
90%
333,492Norway
88%
1028,799France
85%
433,491Switzerland
85%
531,588Australia
83%
238,591Luxembourg
77%
731,173Austria
72%

Score Distribution

Percentile by Number Answered

Percent of People with Each Score

Your Score History

You have not taken this quiz